[Event "33rd World U20 ch"]
[Site "Matinhos BRA"]
[Date "1994.09.??"]
[Round "13"]
[White "Gretarsson, Helgi Ass"]
[Black "Gabriel, Christian"]
[Result "1-0"]
[WhiteElo "2450"]
[BlackElo "2545"]
[EventDate "1994.09.03"]
[PlyCount "111"]

1.d4 Nf6 2.c4 e6 3.Nf3 d5 4.Nc3 c6 5.cxd5 exd5 6.Bg5 Be7 7.Qc2 O-O 8.e3 
Nbd7 9.Bd3 Re8 10.h3 Nf8 11.g4 Be6 12.O-O-O a5 13.Rdg1 a4 14.Nxa4 Qa5 15.
Nc3 b5 16.Bxf6 Bxf6 17.Nd2 b4 18.Ne2 Qxa2 19.Nb3 Rec8 20.Kd2 c5 21.Ra1 c4 
22.Rxa2 Rxa2 23.Rc1 c3+ 24.bxc3 bxc3+ 25.Nxc3 Rxc2+ 26.Rxc2 Be7 27.Na4 Rb8
28.Nac5 h5 29.Be2 hxg4 30.hxg4 Nh7 31.Na5 Rb6 32.f4 Nf6 33.f5 Bc8 34.Bf3 
Rd6 35.Nd3 Ba6 36.Nf4 Ne4+ 37.Bxe4 dxe4 38.Rc6 Bb5 39.Rxd6 Bxd6 40.Kc3 Kh7
41.Nc4 Bb8 42.Nd2 Bxf4 43.exf4 Be2 44.Nxe4 Bxg4 45.f6 Bf5 46.Ng3 Be6 47.
Kb4 g5 48.f5 Bc8 49.Kc5 Kh6 50.Kc6 g4 51.Kc7 Ba6 52.d5 Kg5 53.d6 Bb5 54.d7
Bxd7 55.Kxd7 Kxf6 56.Kd6 1-0

[Event "33rd World U20 ch"]
[Site "Matinhos BRA"]
[Date "1994.09.??"]
[Round "13"]
[White "Oratovsky, Michael"]
[Black "Votava, Jan"]
[Result "1-0"]
[WhiteElo "2520"]
[BlackElo "2410"]
[EventDate "1994.09.03"]
[PlyCount "160"]

1.e4 e5 2.Nf3 Nc6 3.Bc4 Nf6 4.d3 Be7 5.O-O O-O 6.Bb3 d6 7.h3 h6 8.c3 Nh7 
9.d4 Ng5 10.Nxg5 Bxg5 11.f4 Bxf4 12.Bxf4 exf4 13.Rxf4 Qg5 14.Rf3 Na5 15.
Qd2 Nxb3 16.Qxg5 hxg5 17.axb3 g4 18.hxg4 Bxg4 19.Rf4 Bd7 20.Nd2 a5 21.Nc4 
a4 22.b4 Rfe8 23.Nd2 f6 24.Rff1 b5 25.Rfe1 Be6 26.Kf2 Bf7 27.Kf3 c5 28.
bxc5 dxc5 29.Kf2 cxd4 30.cxd4 Rad8 31.Ke3 f5 32.Rec1 fxe4 33.Rc5 Rb8 34.
Nxe4 Rbd8 35.Re5 Rxe5 36.dxe5 Rd5 37.Kf4 Rd4 38.Ke3 Rb4 39.Rd1 Bh5 40.Rd2 
Kf7 41.Nc5 Ke8 42.Ne6 Ke7 43.Nd4 Be8 44.Nf5+ Kf7 45.Rc2 Rb3+ 46.Ke4 Kg6 
47.Nd4 Rb4 48.Kd5 a3 49.bxa3 Ra4 50.Rc8 Bf7+ 51.e6 Bxe6+ 52.Nxe6 Rxa3 53.
Ke4 Rg3 54.Rc2 b4 55.Nd4 Ra3 56.Ne2 b3 57.Rb2 Kh5 58.Kf3 g5 59.g4+ Kh4 60.
Nd4 Ra2 61.Rb1 Rh2 62.Rg1 Rh3+ 63.Kf2 Rh2+ 64.Kf3 Rh3+ 65.Kf2 Rh2+ 66.Ke3 
Kh3 67.Nxb3 Ra2 68.Nc5 Kh2 69.Rc1 Rg2 70.Rc4 Rg3+ 71.Ke2 Rg2+ 72.Ke3 Rg3+ 
73.Kd2 Rg2+ 74.Kc3 Kg3 75.Nd7 Re2 76.Nf6 Re3+ 77.Kd4 Re6 78.Nh5+ Kf3 79.
Kd5 Re1 80.Nf6 Re2 1-0

[Event "33rd World U20 ch"]
[Site "Matinhos BRA"]
[Date "1994.09.??"]
[Round "13"]
[White "Mariano, Nelson"]
[Black "Kumaran, Dharshan"]
[Result "1/2-1/2"]
[WhiteElo "2345"]
[BlackElo "2495"]
[EventDate "1994.09.03"]
[PlyCount "91"]

1.e4 c6 2.d4 d5 3.e5 Bf5 4.h4 h5 5.c4 e6 6.Nc3 Be7 7.cxd5 cxd5 8.Bg5 Nc6 
9.Qd2 Qb6 10.Bb5 Bb4 11.Nge2 Ne7 12.a3 Bxc3 13.Nxc3 O-O 14.Rd1 Bh7 15.Bxe7
Nxe7 16.Be2 Nc6 17.b4 Rac8 18.Na4 Qc7 19.O-O Qe7 20.g3 Bg6 21.Rc1 Nb8 22.
Rxc8 Rxc8 23.Rc1 Qe8 24.Nc5 b6 25.Nb7 Rxc1+ 26.Qxc1 Qc6 27.Qxc6 Nxc6 28.
Nd6 Nxd4 29.Bd1 a6 30.Nc8 Nc6 31.Nxb6 Nxe5 32.Be2 Bd3 33.Kf1 Bb5 34.Na8 
Nc4 35.Nc7 Kf8 36.a4 Bxa4 37.Nxa6 g6 38.Bxc4 dxc4 39.Nc5 Bb5 40.Ne4 Ke7 
41.Nc3 Bc6 42.Ke2 e5 43.Kd2 Ke6 44.Ke3 f6 45.Kd2 g5 46.Ke3 1/2-1/2

[Event "33rd World U20 ch"]
[Site "Matinhos BRA"]
[Date "1994.09.??"]
[Round "13"]
[White "Del Rio Angelis, Salvador Gabriel"]
[Black "Iordachescu, Viorel"]
[Result "1-0"]
[WhiteElo "2350"]
[BlackElo "2435"]
[EventDate "1994.09.03"]
[PlyCount "93"]

1.e4 g6 2.d4 Bg7 3.f4 d6 4.Nf3 Nf6 5.Nc3 c6 6.Be2 O-O 7.O-O Bg4 8.e5 Nd5 
9.Ne4 Na6 10.c3 dxe5 11.fxe5 Qb6 12.c4 Bxf3 13.Rxf3 Bxe5 14.cxd5 Qxd4+ 15.
Qxd4 Bxd4+ 16.Be3 Bxe3+ 17.Rxe3 cxd5 18.Bxa6 bxa6 19.Nc5 Rfc8 20.Nd3 e6 
21.Rc1 Kf8 22.Kf2 Ke7 23.Rxc8 Rxc8 24.Nb4 Kd6 25.Ra3 Rc7 26.Rxa6+ Kc5 27.
a3 Kb5 28.Ke3 h5 29.h4 Rd7 30.Kd4 Rc7 31.Kd3 Rc4 32.Rxa7 Rxh4 33.Rxf7 Rg4 
34.Rf2 h4 35.Nc2 e5 36.Ne3 Rg3 37.Kd2 d4 38.Nf1 Rg4 39.Nh2 Re4 40.Rf6 Kc4 
41.Rc6+ Kb3 42.Rb6+ Kc4 43.Rxg6 Re3 44.Ng4 Re4 45.Nf2 Re3 46.Ng4 Re4 47.
Rg5 1-0

[Event "33rd World U20 ch"]
[Site "Matinhos BRA"]
[Date "1994.09.??"]
[Round "13"]
[White "Barria Zuniga, Daniel"]
[Black "Al-Modiahki, Mohamad"]
[Result "0-1"]
[WhiteElo "2340"]
[BlackElo "2370"]
[EventDate "1994.09.03"]
[PlyCount "64"]

1.Nf3 Nf6 2.g3 g6 3.Bg2 Bg7 4.O-O O-O 5.c4 c6 6.d3 d5 7.Qc2 Na6 8.a3 dxc4 
9.Qxc4 Nd5 10.Nbd2 e5 11.Qc2 Qe7 12.e4 Ndc7 13.b4 c5 14.bxc5 Nxc5 15.a4 
N7a6 16.Ba3 Bd7 17.Nb3 Rfc8 18.Nxc5 Nxc5 19.Rfc1 b6 20.a5 Qd6 21.axb6 axb6
22.Bf1 Qf6 23.Nd2 Bh6 24.Bxc5 Rxa1 25.Rxa1 Rxc5 26.Ra8+ Kg7 27.Qb2 Qc6 28.
Ra7 Rb5 29.Qa2 Bxd2 30.Qxd2 Rb1 31.Qg5 Bh3 32.Qxe5+ Qf6 0-1

[Event "33rd World U20 ch"]
[Site "Matinhos BRA"]
[Date "1994.09.??"]
[Round "13"]
[White "Jaracz, Pawel"]
[Black "Cukier, Marcelo"]
[Result "1-0"]
[WhiteElo "2415"]
[BlackElo "2290"]
[EventDate "1994.09.03"]
[PlyCount "129"]

1.e4 e5 2.Nf3 Nc6 3.Bc4 Bc5 4.O-O Nf6 5.d3 d6 6.c3 h6 7.Nbd2 O-O 8.h3 Qe7 
9.Bb3 Nd8 10.Nc4 Bb6 11.Re1 Ne6 12.d4 Rd8 13.dxe5 dxe5 14.Qc2 Nc5 15.Ncxe5
Be6 16.Bf4 Nh5 17.Be3 Nxb3 18.axb3 Bxe3 19.Rxe3 Nf4 20.b4 Qd6 21.Ree1 f6 
22.Red1 fxe5 23.Rxd6 Rxd6 24.Nxe5 Rad8 25.Nf3 Bc4 26.Kh2 Rf8 27.Ne5 Bd3 
28.Qb3+ Kh7 29.g3 Ng6 30.Nxd3 Rxd3 31.f4 Rfd8 32.Re1 Rd2+ 33.Kh1 R8d3 34.
Rg1 Nh4 35.Qe6 Nf3 36.Qf5+ Kg8 37.Qe6+ Kh8 38.Qc8+ Kh7 39.Qf5+ Kg8 40.Qe6+
Kf8 41.Qf5+ Ke7 42.Qc5+ Ke8 43.Qb5+ Kd8 44.Qxd3+ Rxd3 45.Rf1 Nd2 46.Rd1 
Rd7 47.e5 Ne4 48.Rxd7+ Kxd7 49.Kg2 Nd2 50.Kf2 Nc4 51.Kf3 Nxb2 52.Ke4 Ke6 
53.f5+ Ke7 54.h4 c6 55.g4 b6 56.h5 a5 57.g5 hxg5 58.f6+ gxf6 59.h6 Kf8 60.
b5 Nd1 61.bxc6 Nxc3+ 62.Kf5 Nb5 63.exf6 Nd4+ 64.Ke4 Nxc6 65.h7 1-0

[Event "33rd World U20 ch"]
[Site "Matinhos BRA"]
[Date "1994.09.??"]
[Round "13"]
[White "Sergejev, Roman"]
[Black "Dos Santos, Ramiro"]
[Result "1/2-1/2"]
[WhiteElo "2370"]
[BlackElo "2315"]
[EventDate "1994.09.03"]
[PlyCount "71"]

1.d4 d5 2.c4 dxc4 3.Nf3 Nf6 4.Nc3 a6 5.e4 b5 6.e5 Nd5 7.a4 c6 8.axb5 Nxc3 
9.bxc3 cxb5 10.Ng5 f6 11.Qf3 Ra7 12.Be3 Bb7 13.d5 Bxd5 14.Rd1 Bxf3 15.
Rxd8+ Kxd8 16.Nf7+ Ke8 17.Nxh8 Rc7 18.gxf3 g6 19.h4 Bg7 20.h5 g5 21.Ng6 
hxg6 22.hxg6 Nd7 23.exf6 exf6 24.Kd2 Ne5 25.Kc2 Nxg6 26.Bh3 Ne5 27.Bf5 Nd3
28.Ra1 Rc6 29.Be4 Rd6 30.Bb7 f5 31.Rxa6 Ne1+ 32.Kc1 Rxa6 33.Bxa6 Bxc3 34.
Bxb5+ Ke7 35.Bxg5+ Bf6 36.Bxf6+ 1/2-1/2

[Event "33rd World U20 ch"]
[Site "Matinhos BRA"]
[Date "1994.09.??"]
[Round "13"]
[White "Leitao, Rafael"]
[Black "Nordahl, Helge"]
[Result "1/2-1/2"]
[WhiteElo "2335"]
[BlackElo "2245"]
[EventDate "1994.09.03"]
[PlyCount "20"]

1.d4 Nf6 2.c4 g6 3.Nc3 Bg7 4.e4 d6 5.Be2 O-O 6.Bg5 Na6 7.Qd2 Qe8 8.Bd3 e5 
9.d5 Nh5 10.Nge2 f5 1/2-1/2

[Event "33rd World U20 ch"]
[Site "Matinhos BRA"]
[Date "1994.09.??"]
[Round "13"]
[White "Pingitzer, Harald"]
[Black "Milanovic, Danilo"]
[Result "1/2-1/2"]
[WhiteElo "2250"]
[BlackElo "2325"]
[EventDate "1994.09.03"]
[PlyCount "109"]

1.e4 c5 2.Nf3 Nc6 3.d4 cxd4 4.Nxd4 Nf6 5.Nc3 e5 6.Ndb5 d6 7.Bg5 a6 8.Na3 
b5 9.Bxf6 gxf6 10.Nd5 f5 11.c3 Bg7 12.exf5 Bxf5 13.Nc2 Be6 14.Nce3 Ne7 15.
Nxe7 Qxe7 16.Bd3 d5 17.Nf5 Qg5 18.Nxg7+ Qxg7 19.g3 O-O 20.O-O Rab8 21.Re1 
f5 22.a4 e4 23.Qd2 f4 24.axb5 axb5 25.Ra5 e3 26.fxe3 fxg3 27.Qg2 gxh2+ 28.
Kxh2 Qxg2+ 29.Kxg2 b4 30.Ra7 h5 31.Re7 Rf6 32.e4 bxc3 33.bxc3 Rb2+ 34.Re2 
Rxe2+ 35.Bxe2 Kf8 36.Ra7 dxe4 37.Bxh5 e3 38.Ra5 Rf2+ 39.Kg3 Ke7 40.Re5 Rf5
41.Rxe6+ Kxe6 42.Bg4 e2 43.Bxf5+ Kxf5 44.Kf2 Ke5 45.Kxe2 Kd5 46.Kd3 Kc5 
47.c4 Kc6 48.Kd4 Kd6 49.c5+ Kc6 50.Kc4 Kc7 51.Kb4 Kc6 52.Kc4 Kc7 53.Kd5 
Kd7 54.c6+ Kc7 55.Kc5 1/2-1/2

[Event "33rd World U20 ch"]
[Site "Matinhos BRA"]
[Date "1994.09.??"]
[Round "13"]
[White "Kovacevic, Blazimir"]
[Black "Riegler, Primoz"]
[Result "1/2-1/2"]
[WhiteElo "2315"]
[BlackElo "2250"]
[EventDate "1994.09.03"]
[PlyCount "26"]

1.d4 Nf6 2.c4 g6 3.Nc3 Bg7 4.e4 d6 5.Be2 O-O 6.Nf3 e5 7.O-O Nc6 8.d5 Ne7 
9.Ne1 Nd7 10.Nd3 f5 11.Bd2 Kh8 12.f3 Nf6 13.Rc1 c5 1/2-1/2

[Event "33rd World U20 ch"]
[Site "Matinhos BRA"]
[Date "1994.09.??"]
[Round "13"]
[White "Escobedo Tinajero, Alberto"]
[Black "Renteria Becerra, Jorge"]
[Result "0-1"]
[WhiteElo "2325"]
[BlackElo "2205"]
[EventDate "1994.09.03"]
[PlyCount "78"]

1.d4 e6 2.c4 f5 3.Nc3 Nf6 4.Nf3 d5 5.e3 c6 6.Bd3 Bd6 7.Qc2 Ne4 8.Ne5 O-O 
9.f4 Nd7 10.Nxe4 fxe4 11.Be2 Nxe5 12.dxe5 Bb4+ 13.Bd2 Bxd2+ 14.Qxd2 Bd7 
15.O-O-O a6 16.h4 b5 17.cxd5 exd5 18.g4 Qe7 19.h5 a5 20.Qd4 Rfe8 21.h6 Qb4
22.hxg7 Qxd4 23.exd4 Re7 24.f5 Rxg7 25.e6 Bc8 26.Rh5 Raa7 27.Rdh1 Rac7 28.
g5 c5 29.dxc5 d4 30.Bg4 Rxc5+ 31.Kb1 e3 32.f6 Bb7 33.e7 Be4+ 34.Ka1 Re5 
35.g6 Rgxe7 36.fxe7 Rxe7 37.gxh7+ Kh8 38.Rxb5 Bxh1 39.Bf5 Bc6 0-1